000 00291nam a22001337a 4500
008 170601b xxu||||| |||| 00| 0 eng d
020 _a2900930852404
041 _aeng
080 _a94(7/8)
100 _a17
101 _aSHH
245 _aTHE WAR ON FREEDOM
_cAHMED,N.M
942 _2udc
_cBK
999 _c15445
_d15445